Komplexné zlúčeniny mangánu so Schiffovými zásadami salenového typu diplomová práca

Enregistré dans:
Détails bibliographiques
Auteur principal: Neuwirthová, Laura
Format: Livre
Langue:slovaque
Publié: Bratislava STU FCHPT 2017
Accès en ligne:Voir à l'OPAC
Tags: Ajouter un tag
Pas de tags, Soyez le premier à ajouter un tag!

MARC

LEADER 00000nam a2200000 a 4500
005 20260127134203.0
008 170707 2017 xo 001 0 slo d
035 |a vtls011701115 
039 9 |y 201707071040  |z mschk03 
040 |a STUSCHK1  |b slo  |c STUSCHK1  |e AACR2 
100 1 |a Neuwirthová, Laura 
245 1 |a Komplexné zlúčeniny mangánu so Schiffovými zásadami salenového typu  |b diplomová práca  |c Laura Neuwirthová 
260 |a Bratislava  |b STU FCHPT  |c 2017 
300 |a 65 s.  |b il.  |c 25 cm 
500 |a Študijný program: technická chémia 
500 |a Študijný odbor: chémia, chemické technológie 
500 |a Školiace pracovisko: Oddelenie anorganickej chémie 
500 |a Evid. číslo: FCHPT-104542-60990 
910 |a SCHK95 
999 |c 6150  |d 6150